駅絞り込みクイズ~近鉄編②~ - Statistics

General Stats
  • This quiz has been taken 48 times
  • The average score is 7 of 9
Answer Stats
該当数 条件 Answer % Correct
227 標準軌である
100%
196 2026年現在、市に所在する
100%
137 表記3文字以下(副駅名除く)
100%
78 乗降人員数が5000人未満(調査日:令和6年11月12日)
92%
41 普通以外の種別は停車しない
78%
16 ローマ字表記にすると6文字以下
69%
11 1999年時点で、市に所在する
67%
3 有人駅である
47%
1 駅名を改称したことがある
14%
No matching quizzes found
Score Distribution
Percent of People with Each Score
Percentile by Number Answered
Your Score History
You have not taken this quiz